00407nam a22001337a 450000500170000000800410001704100120005808200130007010000130008324500370009626000860013330000290021965000250024820240820084310.0240820b |||||||| |||| 00| 0 eng d aEnglish a349 LAW  lEnglish  aThe Law Reports: Family Division aLondon: bThe Incorporated Council of Law Reporting for England and Wales, c1979 bxi, 134 pages; c25 cm.  aLegal practice bLaw